000
00306nam a22001337a 4500
008
181015b xxu||||| |||| 00| 0 eng d
020
_a
9780080374994
041
_a
eng
080
_a
591
100
_a
7
101
_a
ZOO
245
_a
Farm Animal Health a practical guide
_c
Cullen,P.T
942
_2
udc
_c
BK
999
_c
49653
_d
49653